000 01540nam a2200385 c 4500
999 _c167593
_d167593
003 BLK
005 20220222105808.0
008 180411b bul|||||r ||||||| ||bul||
010 _aKNG00175405000
040 _aBLK
041 _aBUL
_cBUL
072 7 _2bullib
_aК
_xКраезнание
080 _aСелскостопански машини и инструменти. Селскостопанско машиностроене
_b631.3
_x(497.215)
_z631.3(497.215)
100 1 _aСяров, Спиро
_eпърви автор
_9337572
139 _aСяров, Спиро и др.
_bС 99
245 1 0 _aМашини за родните поля
_b[Очерк за завода "Г. Димитров" - Русе]
_cСпиро Сяров; съавт. Вертер Хлебаров.
257 _aBGR
260 _bПрофиздат
_c1956
300 _a108 с.
_c18 см
380 _a63
490 1 _aНашите социалистически предприятия
500 _a2 000 тир.
650 4 _aСелскостопански машини и оръдия
_9274068
650 4 _aРусе - стопанско развитие
_9275828
651 4 _aРусе
_9179462
653 _aселскостопански машини
653 _aпроизводство
659 _aК
700 1 _aХлебаров, Вертер
_eсъавт.
_9382404
852 _aЦб І 914
852 _aК 63/С 99 С
856 4 _qpdf
856 4 _qpdf
942 _cKNG
_n0
_s1
944 _aCR
_c18.05.2015
_kВаля_Йорданова
944 _aED
_c29.07.2015
_kВаля_Йорданова
999 _d167593
999 _d167593